10 Easternmost Capital Cities in Africa - Statistics

General Stats
  • This quiz has been taken 122 times
  • The average score is 7 of 10
Answer Stats
Longitude Capital City % Correct
45° 21' E Mogadishu
89%
36° 49' E Nairobi
76%
47° 31' E Antananarivo
73%
38° 44' E Addis Ababa
72%
43° 09' E Djibouti
71%
55° 27' E Victoria
62%
38° 56' E Asmara
61%
57° 30' E Port Louis
58%
35° 45' E Dodoma
54%
43° 15' E Moroni
50%
No matching quizzes found
Score Distribution
Percent of People with Each Score
Percentile by Number Answered
Your Score History
You have not taken this quiz